Japonci pochopili, že multimédiá sú vo vyučovacom procese nevyhnutnosťou

Možnosti rozvoja a uplatnenia sa v konkurencii vidí Japonsko v multimédiách a informačných databázach. Príprava odborníkov na nový trend sa začína už na vysokých školách. Nový druh prijímacích pohovorov na vysokých školách. Vybavenie pre multimediálnu komunikáciu. Orientácia štúdia na Shonan Fujisaw...

Ausführliche Beschreibung

Gespeichert in:
Bibliographische Detailangaben
1. Verfasser: Mozsnyaková, I.
Format: Buchkapitel
Sprache:Slowakisch
Schlagworte:
Tags: Tag hinzufügen
Keine Tags, Fügen Sie das erste Tag hinzu!

MARC

LEADER 00000naa a2200000 4500
001 r020171
005 20221213100847.3
041 0 |a slo 
044 |a SK 
245 1 0 |a Japonci pochopili, že multimédiá sú vo vyučovacom procese nevyhnutnosťou  |c I. Mozsnyaková 
520 |a Možnosti rozvoja a uplatnenia sa v konkurencii vidí Japonsko v multimédiách a informačných databázach. Príprava odborníkov na nový trend sa začína už na vysokých školách. Nový druh prijímacích pohovorov na vysokých školách. Vybavenie pre multimediálnu komunikáciu. Orientácia štúdia na Shonan Fujisawa Campus. Spôsob hľadania práce japonských vysokoškolákov. 
610 2 0 |a príprava odborná 
610 2 0 |a pracovníci odborní 
610 2 0 |a Japonsko 
610 2 0 |a štúdium vysokoškolské 
610 2 0 |a multimédiá 
610 2 0 |a komunikácia 
610 2 0 |a školy vysoké 
610 2 0 |a absolventi 
610 2 0 |a výber zamestnania 
100 1 |a Mozsnyaková, I.